<?xml version="1.0" encoding="UTF-8"?>
<record
    xmlns:xsi="http://www.w3.org/2001/XMLSchema-instance"
    xsi:schemaLocation="http://www.loc.gov/MARC21/slim http://www.loc.gov/standards/marcxml/schema/MARC21slim.xsd"
    xmlns="http://www.loc.gov/MARC21/slim">

  <leader>01284nam a2200217 i 4500</leader>
  <controlfield tag="001">71955</controlfield>
  <controlfield tag="003">ES-MaACL</controlfield>
  <controlfield tag="005">20260303141308.0</controlfield>
  <controlfield tag="007">t|</controlfield>
  <controlfield tag="008">040820m19821985sp c         |||| | spa d</controlfield>
  <datafield tag="020" ind1=" " ind2=" ">
    <subfield code="a">84-00-04924-1</subfield>
  </datafield>
  <datafield tag="080" ind1=" " ind2=" ">
    <subfield code="a">821.134.2-82"19"</subfield>
  </datafield>
  <datafield tag="100" ind1="1" ind2=" ">
    <subfield code="a">Gil-Albert, Juan, </subfield>
    <subfield code="d">1904-1994</subfield>
    <subfield code="9">56757</subfield>
  </datafield>
  <datafield tag="245" ind1="1" ind2="0">
    <subfield code="a">Obra completa en prosa / </subfield>
    <subfield code="c">Juan Gil-Albert.</subfield>
  </datafield>
  <datafield tag="260" ind1=" " ind2=" ">
    <subfield code="a">Valencia : </subfield>
    <subfield code="b">Instituci&#xF3;n Alfonso el Magn&#xE1;nimo, </subfield>
    <subfield code="c">1982-1985.</subfield>
  </datafield>
  <datafield tag="300" ind1=" " ind2=" ">
    <subfield code="a">10 v. : </subfield>
    <subfield code="b">retr. autor ; </subfield>
    <subfield code="c">20 cm.</subfield>
  </datafield>
  <datafield tag="505" ind1="0" ind2=" ">
    <subfield code="a">I. C&#xF3;mo pudieron ser; Cr&#xF3;nicas Gabriel Mir&#xF3;: remembranza; Intento de una catalogaci&#xF3;n valenciana; Contra el cine - II. Concierto en mi menor; La trama inextricable; Memorabilia (1934-1939) - III. Viscontiniana; A prop&#xF3;sito del arte de Andaluc&#xED;a, de Ortega y Gasset y otras cuestiones patrias; Genio y figura; Los d&#xED;as est&#xE1;n contados - IV. Cr&#xF3;nica general: primera parte - V. Cr&#xF3;nica general: segunda parte - VI. Razonamiento inagotable con una carta final; Mesa revuelta - VII. Heracles; Drama patrio - VIII. Valent&#xED;n; Intermedio italiano; Dos instant&#xE1;neas - IX. Breviarium vitae: primer volumen - X. Breviarium vitae: segundo volumen</subfield>
  </datafield>
  <datafield tag="710" ind1="2" ind2=" ">
    <subfield code="a">Instituci&#xF3; Alfons el Magn&#xE0;nim</subfield>
    <subfield code="9">173001</subfield>
  </datafield>
  <datafield tag="852" ind1=" " ind2=" ">
    <subfield code="a">ES-MaACL</subfield>
    <subfield code="j">P-441</subfield>
  </datafield>
  <datafield tag="999" ind1=" " ind2=" ">
    <subfield code="c">71955</subfield>
    <subfield code="d">71955</subfield>
  </datafield>
  <datafield tag="952" ind1=" " ind2=" ">
    <subfield code="0">0</subfield>
    <subfield code="1">0</subfield>
    <subfield code="4">0</subfield>
    <subfield code="7">0</subfield>
    <subfield code="a">ATENEOM</subfield>
    <subfield code="b">ATENEOM</subfield>
    <subfield code="c">DEPO2</subfield>
    <subfield code="d">2008-01-17</subfield>
    <subfield code="e">SC</subfield>
    <subfield code="l">0</subfield>
    <subfield code="o">P-441</subfield>
    <subfield code="p">1075324</subfield>
    <subfield code="r">2023-02-23 00:00:00</subfield>
    <subfield code="w">2023-02-23</subfield>
    <subfield code="y">MONOGRAFIA</subfield>
  </datafield>
</record>
